О практике применения труб из полимерных материалов в инженерных сетях; Трубопроводы и экология; № 4

Detalles Bibliográficos
Parent link:Трубопроводы и экология: научно-практический журнал.— , 2002-2012
№ 4.— 2003.— С. 2-3
Autor Principal: Бухин В. Е.
Idioma:ruso
Publicado: 2003
Series:От редактора
Subjects:
Formato: Capítulo de libro
KOHA link:https://koha.lib.tpu.ru/cgi-bin/koha/opac-detail.pl?biblionumber=390999

MARC

LEADER 00000naa2a2200000 4500
001 390999
005 20231101064035.0
035 |a (RuTPU)RU\TPU\prd\24611 
090 |a 390999 
100 |a 20040331a2003 k y0rusy50 ca 
101 0 |a rus 
102 |a RU 
200 1 |a О практике применения труб из полимерных материалов в инженерных сетях  |f В. Е. Бухин 
225 1 |a От редактора 
320 |a Библиогр.: 4 назв. 
461 1 |0 (RuTPU)RU\TPU\prd\4239  |t Трубопроводы и экология  |o научно-практический журнал  |d 2002-2012 
463 1 |0 (RuTPU)RU\TPU\prd\23638  |t № 4  |v С. 2-3  |d 2003 
610 1 |a трубы 
610 1 |a полимерные трубы 
610 1 |a полимерные материалы 
610 1 |a инженерные сети 
610 1 |a применение 
610 1 |a износ трубопроводов 
700 1 |a Бухин  |b В. Е. 
801 1 |a RU  |b 63413507  |c 20040331  |g PSBO 
801 2 |a RU  |b 63413507  |c 20140703  |g RCR 
942 |c BK